000 00669nam a2200157 4500
999 _c16353
_d16353
008 220117b ||||| |||| 00| 0 eng d
022 _a0893-8989
082 _aDPer 363.205 P75 Sept 2013-May 2016 v. 37 & 40, n. 9-11/1-5
100 _aGriffith, David.
_943793
245 _aThe tactical Maglites:
_bMag's new mag-tac flashlights are bright functional, and offer serious bang for buck/
_cDavid Griffith.
260 _aCalifornia:
_bBobit Business Media,
_c©Sept 2013-May 2016.
300 _av37 n9, page 14;
_billustrations;
_c27 cm.
500 _aPolice: the law enforcement magazine.
650 _aLaw enforcement
_xEquipment and supplies.
_943794
942 _2ddc
_cPER